| 000 | 00372cam a2200169ua 4500 | ||
|---|---|---|---|
| 001 | 7764 | ||
| 008 | 120120n1995 II |||gr||||Z||||||eng | ||
| 040 | _aMAIN | ||
| 041 | _aEnglish | ||
| 082 | _a531.3 KHA | ||
| 100 | _aKHANNA, M. L. | ||
| 245 | _aDYNAMICS | ||
| 260 |
_aMEERUT _bJAI PRAKASH NATH & CO. _c1995 |
||
| 300 |
_a439: _c22CM. |
||
| 653 | _aDynamics | ||
| 942 | _cBK | ||
| 999 |
_c7749 _d7749 |
||